000 00308nam a2200133Ia 4500
100 _aCassel/Don
942 _cRB
654 _acobol
245 _aAdvanced structured cobol and program design
260 _bprentice hall
_aNew Jersey
_c1988
082 _a001.6424C
_bCAS
300 _a486
546 _aENGLISH
999 _c29736
_d29736